| 000 | 00629nam a2200169 a 4500 | ||
|---|---|---|---|
| 001 | 000014199 | ||
| 005 | 20200929163521.0 | ||
| 008 | 091207s1998 dr ac 000 0 spa d | ||
| 040 |
_aDO-SdBNP _bspa _cBNPHU |
||
| 082 |
_axxx _bC748p |
||
| 111 | 2 |
_aConferencia Nacional Sobre Mejoramineto de la Productividad Nacional _n(3a : _d1998 sept. : _c[Santo Domingo]) _932076 |
|
| 245 | 1 | 0 | _aPonencias de la III conferencia sobre mejoramiento de la productividad. |
| 260 |
_a[Santo Domingo] : _bINFOTEP, _c1998. |
||
| 300 |
_a88 P. : _bil. ; retrs. |
||
| 710 |
_aInstituto Nacional de Formación Técnica Profesional _932077 |
||
| 049 | _aBNPD | ||
| 999 |
_c13800 _d13800 |
||